| 000 | 00723nam0a22002411 4500 | ||
|---|---|---|---|
| 001 | rc\2616135 | ||
| 005 | 20250623140436.0 | ||
| 035 | _a(NLR Aleph) 006779888 | ||
| 090 |
_a6033067 _c6033067 |
||
| 100 | _a20110914d1931 |||y0rusy50 ca | ||
| 101 | 0 | _arus | |
| 102 | _aRU | ||
| 105 | _aa z ||||| | ||
| 200 | 1 |
_aКустари в "Стране гор" _e[Дагестан] _fГ. Б. Дзагуров |
|
| 210 |
_aМосква _cКоиз _d1931 _g8-я тип. "Мособлполиграф" |
||
| 215 |
_a48 с. _cил. _d21х15 см. |
||
| 700 | 1 |
_aДзагуров _bГ.Б. |
|
| 801 | 0 |
_aRU _bNLR _gpsbo |
|
| 801 | 1 |
_aRU _bELAR _2rusmarc |
|
| 852 |
_aNLR _j31-10/3264 |
||
| 852 |
_aNLR _jМф К1/29987 |
||
| 942 | _cBOOK | ||
| 980 | _aNB | ||